Loading...
| Social Science | 0 | 11 | 0 | 2 | 110 | 74 | 108.45 | 0 | 0 | 10.92 | 36.16 |
| Religion | 0 | 10 | 1 | 1 | 95 | 104 | 123.70 | 0 | 0 | 5.78 | 25.69 |
| History - World | 0 | 8 | 0 | 1 | 80 | 92 | 119.88 | 0 | 1 | 4.90 | 25.88 |
| History - Other | 0 | 7 | 1 | 2 | 65 | 117 | 127.71 | 0 | 0 | 1.32 | 12.24 |
| Current Events | 0 | 6 | 2 | 0 | 50 | 61 | 97.50 | 1 | 1 | 16.08 | 43.21 |
| History - European | 0 | 5 | 1 | 1 | 45 | 34 | 107.80 | 1 | 1 | 5.89 | 13.59 |
| Science - Other | 0 | 5 | 1 | 1 | 45 | 109 | 115.80 | 0 | 0 | 3.53 | 13.68 |
| History - American | 0 | 5 | 2 | 1 | 40 | 67 | 114.40 | 0 | 1 | 3.85 | 13.42 |
| Science - Chemistry | 0 | 4 | 0 | 1 | 40 | 121 | 124.50 | 0 | 1 | 0.61 | 9.33 |
| Science - Physics | 0 | 4 | 0 | 0 | 40 | 121 | 128.00 | 0 | 0 | 0.53 | 9.80 |
| Literature - British | 0 | 4 | 0 | 0 | 40 | 27 | 114.50 | 0 | 1 | 5.86 | 10.87 |
| Science - Biology | 0 | 4 | 1 | 2 | 35 | 93 | 120.25 | 1 | 1 | 2.19 | 9.32 |
| Geography | 0 | 4 | 1 | 0 | 35 | 94 | 116.50 | 0 | 0 | 10.53 | 38.90 |
| Other Academic | 0 | 3 | 0 | 0 | 30 | 106 | 107.00 | 0 | 0 | 7.83 | 20.73 |
| Philosophy | 0 | 4 | 2 | 2 | 30 | 121 | 131.00 | 0 | 0 | 0.27 | 6.06 |
| Literature - European | 0 | 2 | 0 | 0 | 20 | 98 | 124.00 | 0 | 0 | 1.74 | 3.96 |
| Mythology | 0 | 2 | 1 | 0 | 15 | 48 | 59.00 | 2 | 2 | 13.79 | 25.00 |
| Fine Arts - Other | 0 | 1 | 0 | 0 | 10 | 120 | 120.00 | 0 | 0 | 1.14 | 3.19 |
| Literature - American | 0 | 1 | 0 | 0 | 10 | 129 | 129.00 | 0 | 0 | 0.92 | 2.45 |
| Fine Arts - Painting & Sculpture | 0 | 1 | 0 | 0 | 10 | 89 | 89.00 | 0 | 0 | 1.79 | 4.90 |
| Fine Arts - Classical Music | 0 | 1 | 0 | 0 | 10 | 132 | 132.00 | 0 | 0 | 0.21 | 1.23 |
| Literature - World | 0 | 1 | 1 | 0 | 5 | 103 | 103.00 | 0 | 0 | 1.39 | 4.02 |